Многообразие единства и единство многообразия как принцип развития сложных систем; Современные техника и технологии

التفاصيل البيبلوغرافية
Parent link:Современные техника и технологии.— 2000.— С. 444-445.
المؤلف الرئيسي: Никитина Ю. А.
اللغة:الروسية
منشور في: 2000
الموضوعات:
التنسيق: فصل الكتاب
KOHA link:https://koha.lib.tpu.ru/cgi-bin/koha/opac-detail.pl?biblionumber=76788

MARC

LEADER 00000naa2a2200000 4500
001 76788
005 20231031091916.0
035 |a (RuTPU)RU\TPU\book\82329 
090 |a 76788 
100 |a 20050504d2000 k y0rusy50 ca 
101 0 |a rus 
102 |a RU 
200 1 |a Многообразие единства и единство многообразия как принцип развития сложных систем  |f Ю. А. Никитина 
463 0 |0 (RuTPU)RU\TPU\book\25688  |t Современные техника и технологии  |o Труды VI международной научно-практической конференции студентов, аспирантов и молодых ученых, 28 февраля - 3 марта 2000 года, Томск  |f М-во образования РФ; ТПУ  |v С. 444-445.  |d 2000  |p 478 с. 
610 1 |a системы 
610 1 |a сложные системы 
610 1 |a многообразие 
610 1 |a единство 
610 1 |a принципы развития 
610 1 |a единение человечества 
610 1 |a интеграционные процессы 
610 1 |a социальное развитие 
610 1 |a труды учёных ТПУ 
700 1 |a Никитина  |b Ю. А. 
801 1 |a RU  |b 63413507  |c 20050504  |g PSBO 
942 |c BK